[Event "Portugal ch 2009"]
[Site "Amadora POR"]
[Date "2009.09.05"]
[Round "1.1"]
[White "Cordovil, Joao Maria Da Camar"]
[Black "Viela, Andre Filipe Folha"]
[Result "1-0"]
[WhiteElo "2214"]
[BlackElo "2219"]
[PlyCount "91"]
[EventDate "2009.09.05"]
[EventRounds "9"]
[EventCountry "POR"]
[EventCategory "3"]
[Source "lmi"]
[SourceDate "2009.09.05"]

1. d4 Nf6 2. Nc3 d5 3. Bg5 e6 4. e4 dxe4 5. Nxe4 Be7 6. Bxf6 Bxf6 7. Nf3 O-O 8.
Nxf6+ Qxf6 9. Bd3 c5 10. c3 cxd4 11. Nxd4 e5 12. Ne2 Bf5 13. Bxf5 Qxf5 14. O-O
Qe6 15. Re1 Qb6 16. b4 a5 17. a3 Qc7 18. Qb3 Nc6 19. Rad1 Rfd8 20. Rxd8+ Rxd8
21. Rd1 g6 22. Ng3 axb4 23. axb4 Rxd1+ 24. Qxd1 Qd8 25. Qxd8+ Nxd8 26. Ne4 Kf8
27. Kf1 Ke7 28. Ke2 f5 29. Nc5 Kd6 30. Kd3 b6 31. Nb3 Ne6 32. g3 Ng5 33. Nd2 b5
34. c4 bxc4+ 35. Nxc4+ Kd5 36. Nxe5 Ne4 37. f4 Nd6 38. Nd7 h6 39. Nb6+ Ke6 40.
Nc4 Nc8 41. Kd4 g5 42. b5 gxf4 43. gxf4 Ne7 44. Kc5 Kd7 45. b6 Ng6 46. Ne5+ 1-0

[Event "Portugal ch 2009"]
[Site "Amadora POR"]
[Date "2009.09.05"]
[Round "1.2"]
[White "Diogo, Vasco Andre Marcalo"]
[Black "Pereira, Ruben Miguel Nunes"]
[Result "1/2-1/2"]
[WhiteElo "2308"]
[BlackElo "2447"]
[PlyCount "45"]
[EventDate "2009.09.05"]
[EventRounds "9"]
[EventCountry "POR"]
[EventCategory "3"]
[Source "lmi"]
[SourceDate "2009.09.05"]

1. e4 c5 2. Nf3 Nc6 3. d3 d6 4. g3 g6 5. Bg2 Bg7 6. O-O e6 7. c3 Nge7 8. Nh4
O-O 9. f4 f5 10. Nd2 Rb8 11. a4 a6 12. Re1 Kh8 13. Ndf3 e5 14. exf5 Nxf5 15.
Nxf5 Bxf5 16. Be3 b6 17. Ng5 exf4 18. Bxf4 Ne5 19. Be4 Bg4 20. Bxe5 Qxg5 21.
Bf4 Qh5 22. Qd2 Rbd8 23. Bg2 1/2-1/2

[Event "Portugal ch 2009"]
[Site "Amadora POR"]
[Date "2009.09.05"]
[Round "1.4"]
[White "Andrade, Jose Manuel Vieira"]
[Black "Carneiro, Carlos Alberto C Pi"]
[Result "1-0"]
[WhiteElo "2259"]
[BlackElo "2269"]
[PlyCount "109"]
[EventDate "2009.09.05"]
[EventRounds "9"]
[EventCountry "POR"]
[EventCategory "3"]
[Source "lmi"]
[SourceDate "2009.09.05"]

1. c4 Nf6 2. Nc3 g6 3. g3 Bg7 4. Bg2 O-O 5. e4 d6 6. Nge2 e5 7. O-O c6 8. d3 a5
9. h3 Na6 10. f4 Rb8 11. Be3 b5 12. cxb5 cxb5 13. d4 b4 14. Na4 Bb7 15. d5 Nd7
16. f5 f6 17. Rc1 Rc8 18. b3 Nac5 19. Nb2 Nb6 20. g4 Ba6 21. Rf2 Rf7 22. Ng3 a4
23. bxa4 Qe8 24. a5 Nba4 25. Nxa4 Nxa4 26. Rxc8 Bxc8 27. Bf1 Nc5 28. Rb2 Qd8
29. Qd2 Qxa5 30. Qxb4 Qxb4 31. Rxb4 Rc7 32. Rb6 Bf8 33. Rc6 Rxc6 34. dxc6 Kf7
35. Bc4+ Ke8 36. Bb5 Kd8 37. a4 Kc7 38. Bxc5 dxc5 39. Ne2 gxf5 40. gxf5 c4 41.
Nc3 Bc5+ 42. Kf1 Kd6 43. Ke2 Bb6 44. Nd5 Bxf5 45. Nxb6 Bxe4 46. Nxc4+ Kc5 47.
c7 Bb7 48. Kd3 Bc8 49. Ke4 h6 50. h4 h5 51. Kd3 Bf5+ 52. Kc3 Bc8 53. Be8 e4 54.
a5 f5 55. Nb6 1-0

[Event "Portugal ch 2009"]
[Site "Amadora POR"]
[Date "2009.09.05"]
[Round "1.5"]
[White "Santos, Antonio M L F Perei"]
[Black "Ferreira, Jorge Joao Viterbo"]
[Result "0-1"]
[WhiteElo "2264"]
[BlackElo "2238"]
[PlyCount "49"]
[EventDate "2009.09.05"]
[EventRounds "9"]
[EventCountry "POR"]
[EventCategory "3"]
[Source "lmi"]
[SourceDate "2009.09.05"]

1. d4 d5 2. c4 e6 3. Nc3 Be7 4. Nf3 Nf6 5. Bg5 h6 6. Bh4 O-O 7. e3 b6 8. Rc1
Bb7 9. Bxf6 Bxf6 10. cxd5 exd5 11. b4 c6 12. Bd3 a5 13. bxa5 Rxa5 14. O-O c5
15. Bb5 Na6 16. a4 Nc7 17. Bd3 c4 18. Bc2 b5 19. Rb1 Bc6 20. Ne5 Bxe5 21. dxe5
bxa4 22. Bxa4 Qe8 23. Bxc6 Qxc6 24. Qd4 Ne6 25. Qb6 0-1

[Event "Portugal ch 2009"]
[Site "Amadora POR"]
[Date "2009.09.06"]
[Round "2.1"]
[White "Viela, Andre Filipe Folha"]
[Black "Ferreira, Jorge Joao Viterbo"]
[Result "1/2-1/2"]
[WhiteElo "2219"]
[BlackElo "2238"]
[PlyCount "32"]
[EventDate "2009.09.05"]
[EventRounds "9"]
[EventCountry "POR"]
[EventCategory "3"]
[Source "lmi"]
[SourceDate "2009.09.05"]

1. e4 e6 2. d4 d5 3. Nd2 Nf6 4. e5 Nfd7 5. Bd3 c5 6. c3 Nc6 7. Ngf3 cxd4 8.
cxd4 Qb6 9. O-O Nxd4 10. Nxd4 Qxd4 11. Nf3 Qb6 12. Qa4 Qb4 13. Qc2 Qc5 14. Qa4
Qb4 15. Qc2 Qc5 16. Qa4 Qb4 1/2-1/2

[Event "Portugal ch 2009"]
[Site "Amadora POR"]
[Date "2009.09.06"]
[Round "2.2"]
[White "Carneiro, Carlos Alberto C Pi"]
[Black "Santos, Antonio M L F Perei"]
[Result "1-0"]
[WhiteElo "2269"]
[BlackElo "2264"]
[PlyCount "96"]
[EventDate "2009.09.05"]
[EventRounds "9"]
[EventCountry "POR"]
[EventCategory "3"]
[Source "lmi"]
[SourceDate "2009.09.05"]

1. d4 Nf6 2. c4 e5 3. dxe5 Ng4 4. e4 Nxe5 5. a3 a5 6. f4 Ng6 7. Be3 Na6 8. Nc3
Bc5 9. Qd2 O-O 10. Bd3 d6 11. Nge2 Re8 12. O-O Nf8 13. Kh1 Nd7 14. Bc2 Nf6 15.
Nd4 c6 16. Rae1 Be6 17. Nxe6 Rxe6 18. f5 Bxe3 19. Rxe3 Re5 20. Rd1 Ne8 21. Rh3
Qf6 22. Rf1 Nc5 23. Rf4 h6 24. Rfh4 Nd7 25. g4 Kf8 26. Rh5 Ke7 27. a4 Kd8 28.
g5 hxg5 29. Rxg5 Ra6 30. Rg1 Rb6 31. Rb1 Kc7 32. b3 Nc5 33. Qe1 Qe7 34. Re3 Nf6
35. Rd1 Ra6 36. Kg1 Ra8 37. Qg3 Rh8 38. Re2 Rg8 39. Qf4 g5 40. Qe3 Rh8 41. Red2
Nfxe4 42. Bxe4 Nxe4 43. Nxe4 Rxe4 44. Qg3 Re3 45. Qxd6+ Qxd6 46. Rxd6 Rxb3 47.
c5 Rh4 48. Rd8 Rh5 1-0

[Event "Portugal ch 2009"]
[Site "Amadora POR"]
[Date "2009.09.06"]
[Round "2.4"]
[White "Pereira, Ruben Miguel Nunes"]
[Black "Fernandes, Antonio Manuel De A"]
[Result "1-0"]
[WhiteElo "2447"]
[BlackElo "2409"]
[PlyCount "48"]
[EventDate "2009.09.05"]
[EventRounds "9"]
[EventCountry "POR"]
[EventCategory "3"]
[Source "lmi"]
[SourceDate "2009.09.05"]

1. e4 e6 2. d4 d5 3. Nc3 Bb4 4. e5 c5 5. Bd2 cxd4 6. Nb5 Bc5 7. b4 Bf8 8. Nxd4
Ne7 9. Ngf3 Nbc6 10. Bd3 Ng6 11. Nxc6 bxc6 12. O-O Be7 13. c3 O-O 14. Qe2 a5
15. a4 Bd7 16. bxa5 Rxa5 17. c4 Ra7 18. Nd4 Qc7 19. cxd5 cxd5 20. a5 Qxe5 21.
Be3 Nf4 22. Qd2 Nxd3 23. Nf3 Qe4 24. Bxa7 Nf4 1-0

[Event "Portugal ch 2009"]
[Site "Amadora POR"]
[Date "2009.09.06"]
[Round "2.5"]
[White "Cordovil, Joao Maria Da Camar"]
[Black "Diogo, Vasco Andre Marcalo"]
[Result "1-0"]
[WhiteElo "2214"]
[BlackElo "2308"]
[PlyCount "129"]
[EventDate "2009.09.05"]
[EventRounds "9"]
[EventCountry "POR"]
[EventCategory "3"]
[Source "lmi"]
[SourceDate "2009.09.05"]

1. e4 d5 2. e5 c5 3. f4 Bf5 4. Nf3 e6 5. Bb5+ Nc6 6. Bxc6+ bxc6 7. d3 h5 8. O-O
Nh6 9. h3 Qb6 10. Nc3 c4+ 11. d4 Be7 12. Rb1 Bg6 13. b3 Qa5 14. Na4 Nf5 15. Bd2
Qa6 16. Nc3 Rd8 17. Ne2 h4 18. b4 Nh6 19. Ra1 Qa4 20. c3 Bc2 21. Qc1 Nf5 22.
Kh2 Kd7 23. Ne1 Be4 24. Be3 Rdg8 25. Nf3 Rh5 26. Rf2 Ke8 27. Ng5 Bd3 28. Bd2
Rh6 29. Qd1 Qxd1 30. Rxd1 Bxe2 31. Rxe2 Ng3 32. Re3 Bxg5 33. fxg5 Rh5 34. Rxg3
hxg3+ 35. Kxg3 g6 36. a4 a5 37. bxa5 Kd7 38. Rb1 Kc7 39. h4 Ra8 40. Bc1 c5 41.
Rb5 cxd4 42. cxd4 Rhh8 43. Ba3 Rhc8 44. Kf3 c3 45. Ke2 Kd8 46. Bc5 Rcb8 47. Kd3
Kd7 48. Bb4 Rxb5 49. axb5 Rb8 50. a6 c2 51. Kxc2 Kc8 52. a7 Ra8 53. b6 Kb7 54.
Bc5 Rh8 55. g3 Rh7 56. Kc3 Rh8 57. Kb4 Ka6 58. Ka4 Rg8 59. g4 Rh8 60. h5 Kb7
61. Kb5 gxh5 62. gxh5 Rh7 63. a8=Q+ Kxa8 64. Ka6 f6 65. g6 1-0

[Event "Portugal ch 2009"]
[Site "Amadora POR"]
[Date "2009.09.07"]
[Round "3.1"]
[White "Diogo, Vasco Andre Marcalo"]
[Black "Viela, Andre Filipe Folha"]
[Result "1/2-1/2"]
[WhiteElo "2308"]
[BlackElo "2219"]
[PlyCount "96"]
[EventDate "2009.09.05"]
[EventRounds "9"]
[EventCountry "POR"]
[EventCategory "3"]
[Source "lmi"]
[SourceDate "2009.09.05"]

1. e4 c5 2. Nf3 Nc6 3. d3 g6 4. g3 Bg7 5. Bg2 e6 6. O-O Nge7 7. Nh4 d5 8. f4
dxe4 9. dxe4 Qxd1 10. Rxd1 Nd4 11. Rd2 e5 12. c3 Ndc6 13. Na3 O-O 14. Rf2 b6
15. f5 f6 16. Be3 Bb7 17. Rd1 Rad8 18. Rfd2 Rxd2 19. Rxd2 Rd8 20. Rxd8+ Nxd8
21. Nb5 g5 22. Nf3 Bxe4 23. g4 Nc8 24. Kf2 Bf8 25. Bf1 Bd6 26. Bc4+ Kf8 27. h3
Bb8 28. Bxg5 fxg5 29. Nxg5 Bc6 30. Nxh7+ Kg7 31. Ng5 a6 32. Na3 b5 33. Ne6+
Nxe6 34. Bxe6 Nd6 35. h4 Be4 36. Bb3 Ba7 37. c4 b4 38. Nc2 Nxc4 39. Bxc4 Bxc2
40. Ke2 Bb6 41. Be6 a5 42. g5 Bd8 43. Ke3 a4 44. Ke2 Bb1 45. Kd2 Be4 46. Ke3
Bb1 47. Kd2 Be4 48. Ke3 Bb1 1/2-1/2

[Event "Portugal ch 2009"]
[Site "Amadora POR"]
[Date "2009.09.07"]
[Round "3.3"]
[White "Andrade, Jose Manuel Vieira"]
[Black "Pereira, Ruben Miguel Nunes"]
[Result "1/2-1/2"]
[WhiteElo "2259"]
[BlackElo "2447"]
[PlyCount "21"]
[EventDate "2009.09.05"]
[EventRounds "9"]
[EventCountry "POR"]
[EventCategory "3"]
[Source "lmi"]
[SourceDate "2009.09.05"]

1. c4 Nf6 2. g3 e6 3. Nf3 d5 4. d4 c6 5. Qc2 Be7 6. Bg2 O-O 7. Nbd2 Nbd7 8. O-O
b6 9. e4 dxe4 10. Nxe4 Bb7 11. Rd1 1/2-1/2

[Event "Portugal ch 2009"]
[Site "Amadora POR"]
[Date "2009.09.07"]
[Round "3.4"]
[White "Santos, Antonio M L F Perei"]
[Black "Damaso, Rui"]
[Result "1/2-1/2"]
[WhiteElo "2264"]
[BlackElo "2404"]
[PlyCount "21"]
[EventDate "2009.09.05"]
[EventRounds "9"]
[EventCountry "POR"]
[EventCategory "3"]
[Source "lmi"]
[SourceDate "2009.09.05"]

1. d4 d5 2. c4 e6 3. Nc3 Nf6 4. Bg5 Be7 5. e3 h6 6. Bh4 O-O 7. Nf3 b6 8. Be2
Bb7 9. Bxf6 Bxf6 10. cxd5 exd5 11. b4 1/2-1/2

[Event "Portugal ch 2009"]
[Site "Amadora POR"]
[Date "2009.09.07"]
[Round "3.5"]
[White "Ferreira, Jorge Joao Viterbo"]
[Black "Carneiro, Carlos Alberto C Pi"]
[Result "1-0"]
[WhiteElo "2238"]
[BlackElo "2269"]
[PlyCount "119"]
[EventDate "2009.09.05"]
[EventRounds "9"]
[EventCountry "POR"]
[EventCategory "3"]
[Source "lmi"]
[SourceDate "2009.09.05"]

1. e4 c5 2. Nf3 g6 3. d4 cxd4 4. Nxd4 Nc6 5. c4 Nf6 6. Nc3 Nxd4 7. Qxd4 d6 8.
Be2 Bg7 9. Be3 O-O 10. Qd2 Qa5 11. O-O Be6 12. Rab1 Rfc8 13. b3 Ng4 14. Nd5
Qxd2 15. Bxd2 Kf8 16. Bg5 f6 17. Bxg4 Bxg4 18. Bf4 Bd7 19. Rfe1 Kf7 20. a4 Bf8
21. Rbd1 Bc6 22. Bg3 Rd8 23. f4 e6 24. Nc3 f5 25. Bf2 Be7 26. Rd3 b6 27. Rh3 h5
28. exf5 exf5 29. Rd3 Rd7 30. Nd5 Bf8 31. Bh4 Rb8 32. Red1 Rdb7 33. R3d2 Re8
34. Re1 Rbb8 35. Kf1 Rxe1+ 36. Bxe1 Re8 37. Re2 Re4 38. Rxe4 fxe4 39. Ke2 Ke6
40. Nc7+ Kf5 41. Bd2 e3 42. Bxe3 Bxg2 43. Nb5 d5 44. Nxa7 dxc4 45. bxc4 Bc5 46.
Bxc5 bxc5 47. Kf2 Bh3 48. Kg3 Bf1 49. Nc8 Ke6 50. Nb6 Kd6 51. Kh4 Bd3 52. Kg5
Kc6 53. a5 Be4 54. h4 Kc7 55. Kf6 Bd3 56. Nd5+ Kb7 57. Nb6 Kc7 58. Ke5 Kc6 59.
Ke6 Be4 60. Ke7 1-0

[Event "Portugal ch 2009"]
[Site "Amadora POR"]
[Date "2009.09.08"]
[Round "4.1"]
[White "Viela, Andre Filipe Folha"]
[Black "Carneiro, Carlos Alberto C Pi"]
[Result "1-0"]
[WhiteElo "2219"]
[BlackElo "2269"]
[PlyCount "77"]
[EventDate "2009.09.05"]
[EventRounds "9"]
[EventCountry "POR"]
[EventCategory "3"]
[Source "lmi"]
[SourceDate "2009.09.05"]

1. Nf3 c5 2. g3 g6 3. Bg2 Bg7 4. c4 e6 5. Nc3 Ne7 6. O-O Nbc6 7. e3 Nf5 8. Ne2
Qb6 9. Rb1 Qa6 10. Qb3 O-O 11. d3 Rb8 12. Nc3 Nb4 13. Rd1 d5 14. a3 Nxd3 15.
cxd5 c4 16. Qc2 exd5 17. Nxd5 b5 18. Nb4 Nxb4 19. axb4 Re8 20. Bd2 Bb7 21. Ra1
Qb6 22. Ne1 Nd6 23. Bxb7 Qxb7 24. Bc3 Ne4 25. Bxg7 Kxg7 26. f3 Ng5 27. Qc3+ Kg8
28. e4 Rbd8 29. Qe3 Rxd1 30. Rxd1 Qe7 31. Rd5 Qxb4 32. Rxg5 Qxb2 33. Rc5 Rd8
34. Rd5 Rc8 35. e5 c3 36. e6 c2 37. exf7+ Kg7 38. Nxc2 Rf8 39. Qd4+ 1-0

[Event "Portugal ch 2009"]
[Site "Amadora POR"]
[Date "2009.09.08"]
[Round "4.4"]
[White "Cordovil, Joao Maria Da Camar"]
[Black "Andrade, Jose Manuel Vieira"]
[Result "0-1"]
[WhiteElo "2214"]
[BlackElo "2259"]
[PlyCount "104"]
[EventDate "2009.09.05"]
[EventRounds "9"]
[EventCountry "POR"]
[EventCategory "3"]
[Source "lmi"]
[SourceDate "2009.09.05"]

1. e4 e5 2. Nf3 Nc6 3. Bb5 a6 4. Bxc6 dxc6 5. O-O Bg4 6. h3 h5 7. d4 Bxf3 8.
Qxf3 Qxd4 9. Nc3 Qd6 10. Be3 Qe6 11. Rfd1 Be7 12. Qg3 Nf6 13. f4 h4 14. Qf3 Nd7
15. f5 Qf6 16. Rd2 O-O-O 17. Kh1 g5 18. Nd1 Nb8 19. Nf2 Rxd2 20. Bxd2 Qg7 21.
b4 Rd8 22. Bc3 f6 23. a4 Qf7 24. Qe2 Nd7 25. b5 Nb8 26. Ng4 Bc5 27. Be1 Qd7 28.
c3 Be7 29. bxa6 Nxa6 30. Nf2 Bc5 31. Rd1 Qf7 32. Rxd8+ Kxd8 33. Ng4 Nb8 34. Bf2
Be7 35. c4 Nd7 36. a5 Nc5 37. Kh2 Na6 38. Be1 Kc8 39. Bc3 Qe8 40. g3 hxg3+ 41.
Kxg3 Qd8 42. Nf2 Nc5 43. h4 gxh4+ 44. Kxh4 Qg8 45. Bd2 Qg2 46. Be1 Qh2+ 47. Kg4
Nb3 48. Qe3 Qg1+ 49. Kh3 Bc5 50. Qxb3 Qf1+ 51. Kh2 Qxe1 52. Nd3 Qh4+ 0-1

[Event "Portugal ch 2009"]
[Site "Amadora POR"]
[Date "2009.09.08"]
[Round "4.5"]
[White "Diogo, Vasco Andre Marcalo"]
[Black "Fernandes, Antonio Manuel De A"]
[Result "1-0"]
[WhiteElo "2308"]
[BlackElo "2409"]
[PlyCount "62"]
[EventDate "2009.09.05"]
[EventRounds "9"]
[EventCountry "POR"]
[EventCategory "3"]
[Source "lmi"]
[SourceDate "2009.09.05"]

1. e4 e5 2. Nf3 Nc6 3. Bc4 Bc5 4. d3 Nf6 5. c3 d6 6. O-O h6 7. Nbd2 O-O 8. Re1
Bb6 9. Nf1 Na5 10. Bb5 Ng4 11. d4 f5 12. exf5 Bxf5 13. Ng3 exd4 14. Nxf5 Rxf5
15. Re8+ Qxe8 16. Bxe8 Rxe8 17. cxd4 c5 18. h3 Nf6 19. Qc2 Ne4 20. Be3 c4 21.
b4 cxb3 22. axb3 Nc6 23. Rd1 d5 24. Qb2 Rf6 25. b4 Nd6 26. Qb3 Nc4 27. Nd2 Nxd4
28. Bxd4 Bxd4 29. Nf3 Bb6 30. Rxd5 Rf4 31. Rd7 Re6 1-0

[Event "Portugal ch 2009"]
[Site "Amadora POR"]
[Date "2009.09.09"]
[Round "5.4"]
[White "Ferreira, Jorge Joao Viterbo"]
[Black "Pereira, Ruben Miguel Nunes"]
[Result "1/2-1/2"]
[WhiteElo "2238"]
[BlackElo "2447"]
[PlyCount "186"]
[EventDate "2009.09.05"]
[EventRounds "9"]
[EventCountry "POR"]
[EventCategory "3"]
[Source "lmi"]
[SourceDate "2009.09.05"]

1. d4 Nf6 2. c4 e6 3. Nf3 d5 4. Nc3 Be7 5. Bg5 O-O 6. e3 h6 7. Bh4 Ne4 8. Bxe7
Qxe7 9. Rc1 c6 10. Bd3 f5 11. Ne5 Qf6 12. O-O Nd7 13. Nxd7 Bxd7 14. f3 Nxc3 15.
bxc3 c5 16. Qb3 Bc6 17. cxd5 exd5 18. c4 Qe6 19. Rfe1 Rad8 20. dxc5 Kh8 21.
cxd5 Bxd5 22. Bc4 Bxc4 23. Rxc4 Rfe8 24. Rc2 Qc6 25. Qc4 Re5 26. Qc3 Rdd5 27.
Rec1 Qe6 28. c6 bxc6 29. Qxc6 Qxc6 30. Rxc6 Rxe3 31. R6c2 Ra3 32. Re1 a5 33.
Kf2 Rd4 34. Re7 f4 35. h4 Rd1 36. Re4 Ra1 37. Rxf4 R3xa2 38. Rxa2 Rxa2+ 39. Kg3
Kg8 40. h5 Rb2 41. Rf5 a4 42. Ra5 Ra2 43. Ra7 a3 44. Kh3 Ra1 45. Kg4 Kf8 46.
Kf5 Rg1 47. g4 Ra1 48. Kg6 Re1 49. Ra8+ Re8 50. Rxa3 Kg8 51. Kf5 Re7 52. Ra8+
Kf7 53. f4 Rb7 54. Ra5 Rb1 55. Ra7+ Kg8 56. Re7 Kf8 57. Re4 Ra1 58. Kg6 Ra7 59.
f5 Ra1 60. Rb4 Ra8 61. Kh7 Ra7 62. Rb8+ Kf7 63. Rb6 Rc7 64. Rg6 Kf8 65. Kh8 Rf7
66. Ra6 Rb7 67. f6 gxf6 68. Rxf6+ Ke7 69. Rxh6 Rb4 70. g5 Rg4 71. g6 Kf8 72.
g7+ Rxg7 73. Rg6 Rf7 74. Ra6 Rf1 75. h6 Rg1 76. Kh7 Rg2 77. Rf6+ Ke7 78. Rg6
Rf2 79. Ra6 Rg2 80. Ra8 Kf7 81. Ra7+ Kf8 82. Rg7 Rh2 83. Rg5 Rf2 84. Ra5 Kf7
85. Ra7+ Kf8 86. Rg7 Rf1 87. Rg5 Kf7 88. Kh8 Rh1 89. h7 Ra1 90. Rf5+ Kg6 91.
Rf8 Ra7 92. Kg8 Rg7+ 93. Kh8 Rxh7+ 1/2-1/2

[Event "Portugal ch 2009"]
[Site "Amadora POR"]
[Date "2009.09.09"]
[Round "5.5"]
[White "Carneiro, Carlos Alberto C Pi"]
[Black "Damaso, Rui"]
[Result "1/2-1/2"]
[WhiteElo "2269"]
[BlackElo "2404"]
[PlyCount "20"]
[EventDate "2009.09.05"]
[EventRounds "9"]
[EventCountry "POR"]
[EventCategory "3"]
[Source "lmi"]
[SourceDate "2009.09.05"]

1. d4 Nf6 2. c4 e6 3. Nf3 c5 4. d5 d6 5. Nc3 exd5 6. cxd5 g6 7. h3 Bg7 8. e4
O-O 9. Bd3 b5 10. Nxb5 Re8 1/2-1/2

[Event "Portugal ch 2009"]
[Site "Amadora POR"]
[Date "2009.09.10"]
[Round "6.1"]
[White "Viela, Andre Filipe Folha"]
[Black "Damaso, Rui"]
[Result "1/2-1/2"]
[WhiteElo "2219"]
[BlackElo "2404"]
[PlyCount "24"]
[EventDate "2009.09.05"]
[EventRounds "9"]
[EventCountry "POR"]
[EventCategory "3"]
[Source "lmi"]
[SourceDate "2009.09.05"]

1. d4 d5 2. c4 dxc4 3. Nf3 Nf6 4. e3 a6 5. Bxc4 e6 6. O-O c5 7. dxc5 Bxc5 8.
Qxd8+ Kxd8 9. Nbd2 Ke7 10. b3 b6 11. Bb2 Bb7 12. Rfd1 Nbd7 1/2-1/2

[Event "Portugal ch 2009"]
[Site "Amadora POR"]
[Date "2009.09.10"]
[Round "6.2"]
[White "Pereira, Ruben Miguel Nunes"]
[Black "Carneiro, Carlos Alberto C Pi"]
[Result "1-0"]
[WhiteElo "2447"]
[BlackElo "2269"]
[PlyCount "41"]
[EventDate "2009.09.05"]
[EventRounds "9"]
[EventCountry "POR"]
[EventCategory "3"]
[Source "lmi"]
[SourceDate "2009.09.05"]

1. e4 c5 2. Nc3 g6 3. d4 cxd4 4. Qxd4 Nf6 5. Nf3 Nc6 6. Qa4 Bg7 7. e5 Ng8 8.
Bf4 Nh6 9. Bb5 O-O 10. h4 Ng4 11. h5 Qb6 12. O-O-O a6 13. hxg6 fxg6 14. Qc4+ e6
15. Bxc6 Qxc6 16. Qd4 Nxf2 17. Qxf2 Rxf4 18. Rxh7 Rxf3 19. Rxg7+ Kxg7 20. gxf3
d5 21. exd6 1-0

[Event "Portugal ch 2009"]
[Site "Amadora POR"]
[Date "2009.09.10"]
[Round "6.3"]
[White "Cordovil, Joao Maria Da Camar"]
[Black "Ferreira, Jorge Joao Viterbo"]
[Result "1/2-1/2"]
[WhiteElo "2214"]
[BlackElo "2238"]
[PlyCount "78"]
[EventDate "2009.09.05"]
[EventRounds "9"]
[EventCountry "POR"]
[EventCategory "3"]
[Source "lmi"]
[SourceDate "2009.09.05"]

1. e4 c5 2. Nf3 d6 3. d4 cxd4 4. Nxd4 Nf6 5. Nc3 Nc6 6. Be2 e5 7. Nb3 Be7 8.
O-O O-O 9. a3 Be6 10. Be3 Na5 11. Nxa5 Qxa5 12. Qd2 Rfc8 13. f3 Qc7 14. Rac1
Bc4 15. Nb5 Bxb5 16. Bxb5 Nd7 17. Be2 a5 18. Bb5 Nb6 19. c4 a4 20. f4 Nd7 21.
Bxd7 Qxd7 22. fxe5 Qe6 23. exd6 Bxd6 24. Qd5 Qe7 25. c5 Be5 26. Rc2 Rd8 27. Qc4
Qh4 28. Qxf7+ Kh8 29. g3 Qxe4 30. Qf2 Re8 31. Rd2 Bxg3 32. Qxg3 Qxe3+ 33. Qxe3
Rxe3 34. Rfd1 Kg8 35. Rd8+ Rxd8 36. Rxd8+ Kf7 37. Ra8 Rb3 38. Rxa4 Rxb2 39. Rc4
Ke6 1/2-1/2

[Event "Portugal ch 2009"]
[Site "Amadora POR"]
[Date "2009.09.10"]
[Round "6.4"]
[White "Diogo, Vasco Andre Marcalo"]
[Black "Santos, Antonio M L F Perei"]
[Result "1/2-1/2"]
[WhiteElo "2308"]
[BlackElo "2264"]
[PlyCount "102"]
[EventDate "2009.09.05"]
[EventRounds "9"]
[EventCountry "POR"]
[EventCategory "3"]
[Source "lmi"]
[SourceDate "2009.09.05"]

1. e4 c5 2. Nf3 Nc6 3. d3 e6 4. g3 d5 5. Nbd2 Bd6 6. Bg2 Nge7 7. O-O O-O 8. Re1
Qc7 9. c3 d4 10. cxd4 cxd4 11. Nc4 Bb4 12. Re2 e5 13. Rc2 Ng6 14. a3 Be7 15. b4
a6 16. Bd2 Be6 17. Ng5 Bxg5 18. Bxg5 f6 19. Bd2 Qd8 20. a4 b5 21. axb5 axb5 22.
Rxa8 Qxa8 23. Nb6 Qb7 24. Nd5 Rc8 25. Qc1 Nce7 26. Rxc8+ Qxc8 27. Qc5 Qxc5 28.
bxc5 Kf7 29. Kf1 Nf8 30. Nc7 Bd7 31. Ke1 Ne6 32. Nxe6 Bxe6 33. Kd1 Nc6 34. Kc2
Ke7 35. Kb2 h6 36. Bf3 Kf7 37. Be2 Ke7 38. Ka3 Kf7 39. f4 Ke7 40. f5 Bf7 41. g4
Kd7 42. h4 Kc7 43. Bd1 Kb7 44. g5 hxg5 45. hxg5 fxg5 46. Bxg5 Ka6 47. Bd2 Kb7
48. Be1 Nb8 49. Bg3 Nc6 50. Be1 Nb8 51. Bg3 Nc6 1/2-1/2

[Event "Portugal ch 2009"]
[Site "Amadora POR"]
[Date "2009.09.10"]
[Round "6.5"]
[White "Fernandes, Antonio Manuel De A"]
[Black "Andrade, Jose Manuel Vieira"]
[Result "1-0"]
[WhiteElo "2409"]
[BlackElo "2259"]
[PlyCount "69"]
[EventDate "2009.09.05"]
[EventRounds "9"]
[EventCountry "POR"]
[EventCategory "3"]
[Source "lmi"]
[SourceDate "2009.09.05"]

1. e4 e5 2. Nc3 Nf6 3. f4 d5 4. fxe5 Nxe4 5. Nf3 Be7 6. Qe2 Nxc3 7. dxc3 c6 8.
Bf4 Na6 9. O-O-O Qa5 10. Kb1 Nc5 11. Nd4 Ne6 12. Be3 Nxd4 13. cxd4 Be6 14. Qf2
O-O-O 15. Qg3 Rdg8 16. Bd3 Qd8 17. Rhf1 Qd7 18. Rde1 Kb8 19. Bg5 Bb4 20. Re2
Ba5 21. Ref2 Bc7 22. Qe3 Re8 23. Bh4 Ka8 24. h3 h6 25. Rf3 c5 26. c3 cxd4 27.
cxd4 Bb6 28. Be1 Rc8 29. Bc3 Rc7 30. Bf5 Rhc8 31. Qd3 a6 32. g4 Qa4 33. Qd2 Ka7
34. Qd1 Qb5 35. a4 1-0

[Event "Portugal ch 2009"]
[Site "Amadora POR"]
[Date "2009.09.11"]
[Round "7.5"]
[White "Damaso, Rui"]
[Black "Pereira, Ruben Miguel Nunes"]
[Result "0-1"]
[WhiteElo "2404"]
[BlackElo "2447"]
[PlyCount "48"]
[EventDate "2009.09.05"]
[EventRounds "9"]
[EventCountry "POR"]
[EventCategory "3"]
[Source "lmi"]
[SourceDate "2009.09.05"]

1. Nf3 Nf6 2. g3 c5 3. Bg2 Nc6 4. O-O e5 5. c4 d5 6. cxd5 Nxd5 7. Nc3 Nc7 8. d3
Be7 9. Nd2 Be6 10. Bxc6+ bxc6 11. b3 O-O 12. Na4 Bh3 13. Re1 f5 14. Ba3 Nb5 15.
Bb2 Nd4 16. Rc1 Qd5 17. f3 h5 18. Ba3 Bg5 19. e3 Ne6 20. Qc2 f4 21. Bxc5 fxe3
22. Bxe3 Rad8 23. Bxg5 Nxg5 24. Qc4 Qxc4 0-1

[Event "Portugal ch 2009"]
[Site "Amadora POR"]
[Date "2009.09.12"]
[Round "8.1"]
[White "Viela, Andre Filipe Folha"]
[Black "Pereira, Ruben Miguel Nunes"]
[Result "0-1"]
[WhiteElo "2219"]
[BlackElo "2447"]
[PlyCount "112"]
[EventDate "2009.09.05"]
[EventRounds "9"]
[EventCountry "POR"]
[EventCategory "3"]
[Source "lmi"]
[SourceDate "2009.09.05"]

1. d4 Nf6 2. c4 g6 3. Nc3 d5 4. cxd5 Nxd5 5. Bd2 Bg7 6. e4 Nb6 7. Be3 O-O 8.
Be2 Nc6 9. Nf3 Bg4 10. d5 Na5 11. Bd4 Bxf3 12. gxf3 Qd6 13. Bxg7 Kxg7 14. Qd2
Qf6 15. Rd1 Nac4 16. Qc1 e6 17. h4 h6 18. b3 Nd6 19. f4 Qe7 20. dxe6 Qxe6 21.
e5 Nf5 22. Ne4 Rad8 23. Nf6 Rxd1+ 24. Qxd1 Qe7 25. Qd2 Rd8 26. Qc3 Rd4 27. Rg1
Nd7 28. Qxc7 Nxf6 29. Qxe7 Nxe7 30. exf6+ Kxf6 31. h5 Nf5 32. hxg6 fxg6 33. Bf3
b6 34. Bc6 Rxf4 35. Ke2 g5 36. Rd1 Nd4+ 37. Ke3 Ke5 38. Ba8 h5 39. Rg1 g4 40.
Rh1 h4 41. Bg2 h3 42. Bb7 Nf5+ 43. Ke2 g3 44. Rxh3 Rxf2+ 45. Kd3 g2 46. Bxg2
Rxg2 47. a4 Rg3+ 48. Rxg3 Nxg3 49. Kc4 a6 50. a5 Kd6 51. axb6 Kc6 52. b7 Kxb7
53. Kc5 Ne4+ 54. Kd4 Nd6 55. Kc5 Nb5 56. b4 Kc7 0-1